01446nam a2200361Ia 4500001001200000003000800012006001900020007001500039008004100054010001700095020001800112020001800130020001500148040002100163035002100184050002700205245012400232260005300356300002300409490005800432504004100490533015200531650003700683650003500720650004600755655002900801700001600830700002000846710001700866830005800883856012600941999001701067ebr10230026CaPaEBRm u cr cn|||||||||840308s1983 ilua sb 001 0 eng d z 83009119  z9780226062815 z9780226062891 z0226062813 aCaPaEBRcCaPaEBR a(OCoLC)56837194814aHD7106.U5bF535 1983eb00aFinancial aspects of the United States pension systemh[electronic resource] /cedited by Zvi Bodie and John B. Shoven. aChicago :bUniversity of Chicago Press,cc1983. aix, 452 p. :bill.1 aA National Bureau of Economic Research project report aIncludes bibliographies and indexes. aElectronic reproduction.bPalo Alto, Calif. :cebrary,d2009.nAvailable via World Wide Web.nAccess may be limited to ebrary affiliated libraries. 0aOld age pensionszUnited States. 0aPension trustszUnited States. 0aOld age pensionszUnited StatesxFinance. 7aElectronic books.2local1 aBodie, Zvi.1 aShoven, John B.2 aebrary, Inc. 0aProject report (National Bureau of Economic Research)40uhttp://site.ebrary.com/lib/rucke/Doc?id=10230026zAn electronic book accessible through the World Wide Web; click to view c39273d39273